000 00504nam a2200157 a 4500
008 120416s1987 ||||||||||||||||| || u
020 _a007
050 _aHA 29 Bla
100 _aBlalock, Hubert M
245 1 0 _aSocial statistics
250 _a2nd ed.
260 _aAuckland
_bMcGraw-Hill
_c1987
300 _axii, 625p. : ill.
350 _a0.00
995 _D0.00
_FCBU-MAIN LIBRARY (Kitwe)
_H1
_I300.00
_UAVAILABLE
_ZMain Library Open Access Collection
999 _c57750
_d57750